Shed Theory Members - Statistics

General Stats
  • This quiz has been taken 5 times
  • The average score is 5 of 9
Answer Stats
Answer % Correct
2 Joeyy
100%
1 Marlon Dubois
100%
4 Aceii
67%
7 Ricky chix
67%
9 Dugan
33%
6 Facy
33%
3 Henry Mosto
33%
8 Milkreset
33%
5 Oghu
33%
No matching quizzes found
Score Distribution
Percent of People with Each Score
Percentile by Number Answered
Your Score History
You have not taken this quiz